Kashmir (Record no. 11680)

MARC details
000 -LEADER
fixed length control field 00621nam a2200241 a 4500
020 ## - INTERNATIONAL STANDARD BOOK NUMBER
ISBN 817024X
082 00 - DEWEY DECIMAL CLASSIFICATION NUMBER
Classification number 954.6
Author Cutter WAN
100 ## - MAIN ENTRY--AUTHOR NAME
Author name Wani, Gull Mohammad
245 ## - TITLE STATEMENT
Title Kashmir
Sub title Need for Sub-Continental Political Initiative
260 ## - PUBLICATION, DISTRIBUTION, ETC. (IMPRINT)
Place of publication Delhi
Name of publisher Ashish Publishing House
Year of publication 1995
300 ## - PHYSICAL DESCRIPTION
Number of Pages 106p
500 ## - GENERAL NOTE
General note includes index and biblioraphy
505 2# - FORMATTED CONTENTS NOTE
Formatted contents note Index
650 ## - SUBJECT ADDED ENTRY--TOPICAL TERM
Topical Term Kashmir
942 ## - ADDED ENTRY ELEMENTS (KOHA)
Koha item type Books
700 1# -
-- Wani, Gull Mohammad
Holdings
Collection code Home library Current library Date acquired Cost, normal purchase price Full call number Accession Number Koha item type
  Henry Martyn Institute Library Henry Martyn Institute Library 12/10/2012 200.00 954.6 WAN 015798 Books
                   Copyright © 2026 | Henry Martyn Institute | Hyderabad | TS-500052 | INDIA | Implemented by hmi.edu.in
Hit-Count:

Powered by Koha